000
00338nam a2200133Ia 4500
003
PILC
008
220421s2001 xx 000 0 und d
040
_c
EARIST LIBRARY
100
_a
Dizon, Maria Salud et al
_9
509
245
0
_a
Fundamentals in Meal Management /
260
_a
Manila,
_b
Rex :
_c
2001.
999
_c
1833
_d
1833
942
_2
ddc
_c
BK